<?xml version="1.0" encoding="UTF-8"?>
<marc:record xmlns:marc="http://www.loc.gov/MARC21/slim">
   <marc:leader>00000nam a2200000 a 4500</marc:leader>
   <marc:datafield ind1="1" ind2=" " tag="100">
      <marc:subfield code="a">Lane, Andrew</marc:subfield>
      <marc:subfield code="4">aut</marc:subfield>
      <marc:subfield code="e">Verfasser/-in</marc:subfield>
   </marc:datafield>
   <marc:datafield ind1="0" ind2="0" tag="245">
      <marc:subfield code="a">Der Tod liegt in der Luft</marc:subfield>
   </marc:datafield>
   <marc:datafield ind1="0" ind2="0" tag="245">
      <marc:subfield code="b">Roman</marc:subfield>
   </marc:datafield>
   <marc:datafield ind1=" " ind2="1" tag="264">
      <marc:subfield code="b">Fischer-Taschenbuch-Verl</marc:subfield>
      <marc:subfield code="c">2017</marc:subfield>
   </marc:datafield>
   <marc:datafield ind1="1" ind2=" " tag="490">
      <marc:subfield code="a">Young Sherlock Holmes</marc:subfield>
   </marc:datafield>
   <marc:datafield ind1="1" ind2=" " tag="520">
      <marc:subfield code="a">Der größte Detektiv aller Zeiten in seinen spannendsten Fällen Der junge Sherlock Holmes soll seine Sommerferien auf dem Land verbringen - bei Tante Anna in Farnham. Stundenlang dauert die Reise und nichts als Gerstenfelder weit und breit. Noch öder geht es ja wohl kaum, Sherlock ist stocksauer. Doch dann kommt alles ganz anders und plötzlich ist er mittendrin in seinem ersten Fall. Mysteriöse Todesfälle, prügelnde Muskelprotze und ein böser Baron - das erste Abenteuer des jungen Meisterdetektivs beginnt. |Produktdetails|Young Sherlock Holmes|Fischer Taschenbücher Bd.19300|</marc:subfield>
   </marc:datafield>
   <marc:datafield ind1=" " ind2=" " tag="020">
      <marc:subfield code="a">9783596193004</marc:subfield>
      <marc:subfield code="9">9783596193004</marc:subfield>
   </marc:datafield>
</marc:record>
